Técnicas de individualización didáctica (Record no. 4476)

MARC details
000 -LEADER
campo de control de longitud fija 01274nmc a2200373 a 4500
003 - IDENTIFICADOR DE NÚMERO DE CONTROL
campo de control AR-BaBNM
005 - FECHA Y HORA DE LA ÚLTIMA TRANSACCIÓN
campo de control 20251128203701.0
008 - DATOS DE LONGITUD FIJA--INFORMACIÓN GENERAL
campo de control de longitud fija 011101s1988 ||||||||||||||000 | spa||
020 ## - NÚMERO INTERNACIONAL ESTÁNDAR DEL LIBRO
Número Internacional Estándar del Libro 84-7046-466-3
040 ## - FUENTE DE CATALOGACIÓN
Centro/agencia transcriptor AR-BaBNM
100 1# - ENTRADA PRINCIPAL--NOMBRE DE PERSONA
Nombre de persona Ruiz i Bel, Robert
245 10 - MENCIÓN DEL TÍTULO
Título Técnicas de individualización didáctica
Resto del título adecuaciones curriculares individualizadas [ACI] para alumnos con necesidades educativas especiales
260 ## - PUBLICACIÓN, DISTRIBUCIÓN, ETC.
Lugar de publicación, distribución, etc. Bogotá
Nombre del editor, distribuidor, etc. Cincel-Kapelusz
Fecha de publicación, distribución, etc. 1988
300 ## - DESCRIPCIÓN FÍSICA
Extensión 174 p.
Otros detalles físicos il., cuadros
490 #0 - MENCIÓN DE SERIE
Mención de serie Educación y futuro. Monografías para la reforma
Designación de volumen o secuencia v. 4
500 ## - NOTA GENERAL
Nota general ACI:ADECUACIONES CURRICULARES INDIVIDUALIZADAS
500 ## - NOTA GENERAL
Nota general IEP:INDIVIDUAL EDUCATIONAL PLAN
500 ## - NOTA GENERAL
Nota general PDI:PROGRAMAS DE DESARROLLO INDIVIDUAL
650 #4 - PUNTO DE ACCESO ADICIONAL DE MATERIA--TÉRMINO DE MATERIA
Término de materia o nombre geográfico como elemento de entrada EDUCACION ESPECIAL
650 #4 - PUNTO DE ACCESO ADICIONAL DE MATERIA--TÉRMINO DE MATERIA
Término de materia o nombre geográfico como elemento de entrada ENSENANZA INDIVIDUALIZADA
650 #4 - PUNTO DE ACCESO ADICIONAL DE MATERIA--TÉRMINO DE MATERIA
Término de materia o nombre geográfico como elemento de entrada CURRICULO
650 #4 - PUNTO DE ACCESO ADICIONAL DE MATERIA--TÉRMINO DE MATERIA
Término de materia o nombre geográfico como elemento de entrada ALUMNOS DE APRENDIZAJE LENTO
650 #4 - PUNTO DE ACCESO ADICIONAL DE MATERIA--TÉRMINO DE MATERIA
Término de materia o nombre geográfico como elemento de entrada PROGRAMAS DE EDUCACION ESPECIAL
650 #4 - PUNTO DE ACCESO ADICIONAL DE MATERIA--TÉRMINO DE MATERIA
Término de materia o nombre geográfico como elemento de entrada ROL DEL DOCENTE
650 #4 - PUNTO DE ACCESO ADICIONAL DE MATERIA--TÉRMINO DE MATERIA
Término de materia o nombre geográfico como elemento de entrada TECNICAS DE EVALUACION
651 #4 - PUNTO DE ACCESO ADICIONAL DE MATERIA--NOMBRE GEOGRÁFICO
Nombre geográfico España
653 ## - TÉRMINO DE INDIZACIÓN--NO CONTROLADO
Término no controlado PSICOPEDAGOGIA
653 ## - TÉRMINO DE INDIZACIÓN--NO CONTROLADO
Término no controlado ADAPTACIONES CURRICULARES
653 ## - TÉRMINO DE INDIZACIÓN--NO CONTROLADO
Término no controlado DISCAPACIDAD MENTAL
700 1# - ENTRADA AGREGADA--NOMBRE PERSONAL
Nombre de persona Giné i Giné, Climent
Término indicativo de función/relación prologuista
800 1# - PUNTO DE ACCESO ADICIONAL DE SERIE--NOMBRE DE PERSONA
Nombre de persona Román Pérez, Martiniano
Término indicativo de función/relación director
942 ## - ELEMENTOS DE ENTRADA SECUNDARIOS (KOHA)
Tipo de ítem Koha Libros
998 ## - INFORMACIÓN DE CONTROL LOCAL (RLIN)
Iniciales del catalogador, CIN (RLIN) Carmen
Holdings
Estatus retirado Estado de pérdida Fuente de la clasificación o esquema de estantería Estado de daño No para préstamo Biblioteca de origen Biblioteca actual Fecha de adquisición Total de préstamos Signatura topográfica completa Código de barras Visto por última vez Precio de reemplazo Tipo de ítem Koha Restricciones de uso Ubicación en estantería
    Clasificación Decimal Dewey     Liberty Liberty 28/11/2025   371.214 RUI 064164 28/11/2025 28/11/2025 Libros    
    Clasificación Decimal Dewey     Liberty Liberty 28/11/2025   371.214 RUI 093965 28/11/2025 28/11/2025 Libros    
    Clasificación Decimal Dewey     Liberty Liberty 28/11/2025   371.214 RUI 096396 28/11/2025 28/11/2025 Libros    
    Clasificación Decimal Dewey     Liberty Liberty 28/11/2025   371.214 RUI 102359 28/11/2025 28/11/2025 Libros    
    Clasificación Decimal Dewey   No para préstamo Liberty Liberty 28/11/2025   371.214 RUI 105222 28/11/2025 28/11/2025 Libros Acceso restringido  
    Clasificación Decimal Dewey   No para préstamo Liberty Liberty 28/11/2025   371.214 RUI 105216 28/11/2025 28/11/2025 Libros Acceso restringido